000 00782nam a22002297a 4500
005 20250709100754.0
008 250709b |||||||| |||| 00| 0 eng d
020 _a978-93-6058-087-2 (hbk)
037 _cTB
040 _aCRL
_cCRL
041 _2URD
_aURD
084 _aT4v 168R4
_bCRL
100 _aMuntaqim, Khwaja Abdul
_9169675
245 _aAligarh Muslim University, Banaras Hindu University wa Jamia Millia Islamia aur unke baniyan ka secular kirdar
260 _aNew Delhi, India:
_bM.R. Publications,
_c2024.
300 _a182p.
365 _b595.00
_cINR
650 _aHigher Education
650 _aHistory
942 _2CC
_cTB
_hT4v 168R4
_n0
999 _c1433523
_d1433523